[Event "NAT Grächen VS"]
[Site "?"]
[Date "2013.??.??"]
[Round "6"]
[White "Simon, Ralf-Axel"]
[Black "Buss, Ralph"]
[Result "1/2-1/2"]
[WhiteElo "2203"]
[BlackElo "2395"]
[PlyCount "89"]
[SourceDate "2013.07.11"]

1. Nf3 c5 2. c4 g6 3. d4 cxd4 4. Nxd4 Nc6 5. e4 Nf6 6. Nc3 Nxd4 7. Qxd4 d6 8.
Bg5 Bg7 9. f3 O-O 10. Qd2 Be6 11. Be2 Rc8 12. Nd5 Nxd5 13. cxd5 Bd7 14. O-O Re8
15. Rac1 Kf8 16. b3 Rxc1 17. Rxc1 Qb8 18. Be3 a6 19. Bb6 Rc8 20. Bc4 Kg8 21. a4
Bf6 22. f4 Bg7 23. Kh1 Re8 24. Re1 Qc8 25. Qd3 e6 26. dxe6 Bxe6 27. Rc1 Qc6 28.
Be3 Rc8 29. h3 Qd7 30. Kh2 Bxc4 31. Rxc4 Rxc4 32. Qxc4 Qc6 33. Qd3 Qc3 34. Qxc3
Bxc3 35. Kg3 f5 36. Kf3 h5 37. g4 hxg4+ 38. hxg4 fxg4+ 39. Kxg4 Kf7 40. f5
gxf5+ 41. Kxf5 Be5 42. Bg5 Bg3 43. Bf6 Be1 44. Bg5 Bg3 45. Bf6 1/2-1/2

[Event "NAT Grächen VS"]
[Site "?"]
[Date "2013.??.??"]
[Round "6"]
[White "Klauser, Markus"]
[Black "Grandadam, Nicolas"]
[Result "1-0"]
[WhiteElo "2382"]
[BlackElo "2344"]
[PlyCount "55"]
[SourceDate "2013.07.11"]

1. e4 c6 2. d4 d5 3. e5 g6 4. h4 h5 5. Nc3 Nh6 6. Bd3 Qb6 7. Nce2 Bg7 8. c3 c5
9. Nf3 cxd4 10. Nexd4 Bg4 11. O-O Bxe5 12. Qa4+ Bd7 13. Bb5 Bf6 14. Re1 Nc6 15.
Bxh6 Rxh6 16. Nxc6 bxc6 17. Qf4 Bg7 18. Ne5 f6 19. Nxd7 Kxd7 20. Ba4 e6 21. c4
Ke7 22. cxd5 cxd5 23. Rac1 e5 24. Qf3 Rhh8 25. Rc6 Qa5 26. Rec1 Rhd8 27. Rc7+
Kf8 28. Qa3+ 1-0

[Event "NAT Grächen VS"]
[Site "?"]
[Date "2013.??.??"]
[Round "6"]
[White "Habibi, Ali"]
[Black "Friedrich, Norbert"]
[Result "0-1"]
[WhiteElo "2265"]
[BlackElo "2315"]
[PlyCount "72"]
[SourceDate "2013.07.11"]

1. g3 e5 2. c4 Nf6 3. Bg2 d5 4. cxd5 Nxd5 5. Nc3 Nb6 6. Nf3 Nc6 7. O-O Be7 8.
d3 O-O 9. a4 a5 10. Be3 Be6 11. Ne4 Nd5 12. Bc5 Ndb4 13. Ra3 f6 14. Qd2 b6 15.
Bxe7 Qxe7 16. Qc3 Rad8 17. Rc1 Rd7 18. h4 h6 19. Qe1 Nd4 20. Qd1 Nxf3+ 21. Bxf3
f5 22. Nd2 e4 23. Bg2 exd3 24. exd3 Nxd3 25. Rxc7 Rxc7 26. Rxd3 Rd8 27. Nf3
Rcd7 28. Rxd7 Qxd7 29. Qe2 Qd1+ 30. Bf1 Qxe2 31. Bxe2 Bb3 32. Ne5 Bxa4 33. Bc4+
Kf8 34. f4 Rd2 35. b3 Be8 36. Bd3 Rb2 0-1

[Event "NAT Grächen VS"]
[Site "?"]
[Date "2013.??.??"]
[Round "6"]
[White "Staechelin, Ruedi"]
[Black "Gerber, Richard"]
[Result "0-1"]
[WhiteElo "2096"]
[BlackElo "2449"]
[PlyCount "56"]
[SourceDate "2013.07.11"]

1. e4 d6 2. d4 g6 3. Nc3 Bg7 4. Be3 Nd7 5. Qd2 a6 6. h4 h6 7. h5 g5 8. g4 b5 9.
f3 e6 10. a4 b4 11. Nd1 c5 12. c3 bxc3 13. bxc3 Rb8 14. a5 Ne7 15. f4 cxd4 16.
cxd4 gxf4 17. Bxf4 e5 18. Be3 exd4 19. Bxd4 Bxd4 20. Qxd4 Ne5 21. Ne3 N7c6 22.
Qc3 Rb4 23. Bc4 Rg8 24. Bd5 Ne7 25. Kd2 Nxd5 26. Nxd5 Qg5+ 27. Ke1 Rxe4+ 28.
Ne2 Bxg4 0-1

[Event "NAT Grächen VS"]
[Site "?"]
[Date "2013.??.??"]
[Round "6"]
[White "Hugentobler, Patrik"]
[Black "Michaelis, Nico"]
[Result "1/2-1/2"]
[WhiteElo "2238"]
[BlackElo "2130"]
[PlyCount "107"]
[SourceDate "2013.07.11"]

1. e4 c5 2. Nc3 d6 3. f4 g6 4. Nf3 Bg7 5. Bb5+ Bd7 6. Bc4 e6 7. O-O Nc6 8. Qe1
Nd4 9. Nxd4 cxd4 10. Ne2 b5 11. Bb3 a5 12. a4 d3 13. cxd3 bxa4 14. Bxa4 Qb6+
15. Qf2 Qxf2+ 16. Kxf2 Ne7 17. d4 Nc6 18. Bxc6 Bxc6 19. d3 d5 20. Ke3 f5 21.
exf5 exf5 22. Bd2 a4 23. Ng1 Rb8 24. Bc3 O-O 25. Nf3 Rfe8+ 26. Kd2 Rec8 27. g3
Bf8 28. Ne5 Be8 29. Rfc1 Rb3 30. Ra2 Rcb8 31. Rca1 R8b7 32. Rc1 Rb8 33. Nf3 Bd7
34. h4 Be8 35. Rh1 Rc8 36. Rc1 Rcb8 37. Raa1 Rc8 38. Rc2 Rcb8 39. Ke3 Rc8 40.
Nd2 Rb7 41. Nb1 Re7+ 42. Kf2 Bb5 43. Rd2 Rce8 44. Na3 Ba6 45. Nc2 Bxd3 46. Rxd3
Re2+ 47. Kf1 Rxc2 48. Rxa4 Ree2 49. Ra8 Rh2 50. Kg1 Rhg2+ 51. Kh1 Rge2 52. Rd1
Rh2+ 53. Kg1 Rhg2+ 54. Kh1 1/2-1/2

[Event "NAT Grächen VS"]
[Site "?"]
[Date "2013.??.??"]
[Round "6"]
[White "Leutwyler, Martin"]
[Black "Sprenger, Raphael"]
[Result "0-1"]
[WhiteElo "2225"]
[BlackElo "2086"]
[PlyCount "142"]
[SourceDate "2013.07.11"]

1. d4 Nf6 2. Nf3 e6 3. c4 b6 4. g3 Bb7 5. Bg2 Be7 6. O-O O-O 7. Nc3 Ne4 8. Bd2
f5 9. Qc2 Nxc3 10. Bxc3 Be4 11. Qd2 Bf6 12. Ne1 Bxg2 13. Nxg2 d6 14. Qd3 Nd7
15. Nf4 Qe8 16. Qe3 e5 17. Nd5 Bd8 18. Rad1 f4 19. gxf4 c6 20. Nb4 Rxf4 21.
dxe5 Bg5 22. Qg3 Qh5 23. f3 Rh4 24. exd6 g6 25. Bd2 Bxd2 26. Rxd2 Qc5+ 27. Rf2
Qxb4 28. Qxh4 Qxd2 29. Qe7 Nf8 30. e4 Qd1+ 31. Kg2 c5 32. e5 Qa4 33. e6 Qe8 34.
Qxe8 Rxe8 35. d7 Nxd7 36. exd7 Rd8 37. Rd2 Kf7 38. Kg3 Ke6 39. Kf4 h6 40. h4
Rxd7 41. Rxd7 Kxd7 42. Ke5 Ke7 43. a4 a5 44. Kd5 Kf6 45. Kc6 g5 46. h5 Kf5 47.
Kxb6 Kf4 48. Kxa5 Kxf3 49. Kb5 g4 50. a5 g3 51. a6 g2 52. a7 g1=Q 53. a8=Q+ Ke3
54. Qf8 Kd3 55. Qxh6 Qd4 56. Qg6+ Kd2 57. Qg2+ Kc1 58. h6 Qe3 59. h7 Qb3+ 60.
Kxc5 Qe3+ 61. Kc6 Qh6+ 62. Qg6 Qxg6+ 63. Kb5 Qe8+ 64. Kb6 Kxb2 65. c5 Qd8+ 66.
Kb7 Qe7+ 67. Kb8 Qxh7 68. c6 Qg8+ 69. Kb7 Qd5 70. Kb6 Kc3 71. c7 Qa8 0-1

[Event "NAT Grächen VS"]
[Site "?"]
[Date "2013.??.??"]
[Round "6"]
[White "Stoeri, Laura"]
[Black "Turkmani, Julian"]
[Result "1-0"]
[WhiteElo "2186"]
[BlackElo "2071"]
[PlyCount "79"]
[SourceDate "2013.07.11"]

1. e4 e5 2. Nf3 Nc6 3. Bb5 a6 4. Ba4 d6 5. O-O Bg4 6. c3 Qf6 7. d3 Bxf3 8. Qxf3
Qxf3 9. gxf3 Nge7 10. f4 f6 11. Be3 d5 12. exd5 Nxd5 13. Bxc6+ bxc6 14. fxe5
fxe5 15. Nd2 Nxe3 16. fxe3 O-O-O 17. Nc4 Rxd3 18. Rf7 Rg8 19. Kf2 Bc5 20. Rg1
g5 21. Rxh7 Rd5 22. Ke2 Bd6 23. Rg4 Kd8 24. b4 e4 25. Rxe4 Bf8 26. Na5 Rg6 27.
Rf7 Bg7 28. c4 Rd7 29. Nb7+ Kc8 30. Re8+ Kxb7 31. Rxd7 Bf6 32. Re6 Rh6 33. Kd3
g4 34. Rf7 Bg5 35. Rxh6 Bxh6 36. Rf5 Kb6 37. a4 Bg7 38. a5+ Kb7 39. Rg5 Be5 40.
Rxe5 1-0

[Event "NAT Grächen VS"]
[Site "?"]
[Date "2013.??.??"]
[Round "6"]
[White "Schneuwly, Achim"]
[Black "Meylan, André"]
[Result "1-0"]
[WhiteElo "2070"]
[BlackElo "2183"]
[PlyCount "65"]
[SourceDate "2013.07.11"]

1. d4 Nf6 2. Nf3 e6 3. Nbd2 c5 4. e3 Nc6 5. Bd3 d5 6. c3 Bd6 7. O-O O-O 8. dxc5
Bxc5 9. e4 Bb6 10. Qe2 h6 11. e5 Nd7 12. Bb5 Qc7 13. Re1 a6 14. Ba4 d4 15. cxd4
Nxd4 16. Nxd4 Bxd4 17. Nf3 Bc5 18. Bd2 b5 19. Bb3 Bb7 20. Rac1 Rac8 21. Rc3 Qb8
22. Rd3 Rfd8 23. Nh4 Be7 24. Ng6 Bc5 25. Ba5 Nf8 26. Nxf8 Rxf8 27. Rg3 Kh8 28.
Bd2 Qa7 29. Rf1 Rcd8 30. Bxh6 gxh6 31. Qh5 Be4 32. Qxh6+ Bh7 33. Qf6# 1-0

[Event "NAT Grächen VS"]
[Site "?"]
[Date "2013.??.??"]
[Round "6"]
[White "Levrand, Roland"]
[Black "Saikrishnan, Sai"]
[Result "1/2-1/2"]
[WhiteElo "2162"]
[BlackElo "1979"]
[PlyCount "121"]
[SourceDate "2013.07.11"]

1. e4 e5 2. Nf3 Nc6 3. Bb5 a6 4. Ba4 Nf6 5. O-O Be7 6. Re1 b5 7. Bb3 d6 8. c3
O-O 9. h3 Nb8 10. d3 Nbd7 11. Nbd2 c5 12. Nf1 Qc7 13. Ne3 Nb6 14. Qe2 a5 15. d4
Ba6 16. Nf5 a4 17. Bc2 b4 18. Qd1 Bb5 19. Bg5 Nc4 20. Qc1 Rfe8 21. Bd3 b3 22.
Nxe7+ Qxe7 23. Nd2 Nxd2 24. Bxb5 Reb8 25. Bd3 c4 26. Bxf6 Qxf6 27. dxe5 dxe5
28. Be2 Rd8 29. Bd1 Rd6 30. axb3 Nxb3 31. Bxb3 cxb3 32. Rd1 Qd8 33. Rxd6 Qxd6
34. Qe3 a3 35. bxa3 Rxa3 36. Rb1 g6 37. Qe2 Qb6 38. Rb2 Qc5 39. Qd2 Kg7 40. Kh2
Qc4 41. Qd6 Ra5 42. Qb4 Ra4 43. Qxc4 Rxc4 44. Rxb3 Rxe4 45. Rb2 Rc4 46. Rc2 Kf6
47. Kg1 Ke6 48. Kf1 Kd5 49. Ke2 Rc7 50. Kd2 f5 51. Ra2 Kc4 52. Ra4+ Kb5 53.
Rb4+ Kc5 54. Kc2 Ra7 55. Kd2 Ra2+ 56. Ke3 Ra3 57. Rb7 Rxc3+ 58. Kd2 Ra3 59.
Rxh7 Ra2+ 60. Ke3 Ra3+ 61. Ke2 1/2-1/2

[Event "NAT Grächen VS"]
[Site "?"]
[Date "2013.??.??"]
[Round "6"]
[White "Wirz, Heinz"]
[Black "Zahn, Alina"]
[Result "1-0"]
[WhiteElo "2155"]
[BlackElo "1968"]
[PlyCount "51"]
[SourceDate "2013.07.11"]

1. d4 d5 2. c4 dxc4 3. Nc3 Nf6 4. Nf3 a6 5. e3 e6 6. Bxc4 b5 7. Bd3 Bb7 8. O-O
c5 9. dxc5 Bxc5 10. Qe2 Qe7 11. e4 e5 12. Bg5 h6 13. Bh4 O-O 14. Rac1 Rd8 15.
Rfd1 Nbd7 16. a3 Nf8 17. Bxf6 Qxf6 18. Nd5 Bxd5 19. exd5 Bd6 20. Qe4 Ng6 21. g3
Qe7 22. Nh4 Nf8 23. Nf5 Qg5 24. Rc6 Bb8 25. h4 Qh5 26. g4 1-0

[Event "NAT Grächen VS"]
[Site "?"]
[Date "2013.??.??"]
[Round "6"]
[White "Urban, Lars"]
[Black "Vifian, Heinz"]
[Result "1-0"]
[WhiteElo "2145"]
[BlackElo "1950"]
[PlyCount "73"]
[SourceDate "2013.07.11"]

1. d4 Nf6 2. c4 e6 3. Nc3 Bb4 4. Qc2 c5 5. e3 Nc6 6. Nf3 O-O 7. a3 Bxc3+ 8.
bxc3 d6 9. Bd3 h6 10. O-O b6 11. h3 Bb7 12. e4 e5 13. d5 Ne7 14. Be3 Ng6 15. g3
Bc8 16. Kh2 Nh5 17. Ng1 Bd7 18. Rae1 Qe7 19. Bc1 Rae8 20. Qe2 Nf6 21. f4 Ba4
22. f5 Nh8 23. g4 Nh7 24. Nf3 Rb8 25. Rg1 f6 26. h4 Nf7 27. Rg3 Rfd8 28. Reg1
Rf8 29. g5 fxg5 30. hxg5 Nfxg5 31. Nxg5 Nxg5 32. Bxg5 hxg5 33. Rxg5 Rf6 34. Qh5
Rb7 35. Qh4 Qf7 36. Rxg7+ Qxg7 37. Qxf6 1-0

[Event "NAT Grächen VS"]
[Site "?"]
[Date "2013.??.??"]
[Round "6"]
[White "Arcuti, Davide"]
[Black "Gallagher, Joseph"]
[Result "0-1"]
[WhiteElo "2081"]
[BlackElo "2526"]
[PlyCount "36"]
[SourceDate "2013.07.11"]

1. d4 Nf6 2. c4 g6 3. Nc3 Bg7 4. e4 d6 5. h3 O-O 6. Be3 c5 7. dxc5 Qa5 8. Bd3
dxc5 9. e5 Nh5 10. f4 Ng3 11. Rh2 Rd8 12. Qc2 Nc6 13. Rd1 Nb4 14. Qb1 Rxd3 15.
Rxd3 Bf5 16. Kf2 Bxd3 17. Qd1 Ne4+ 18. Nxe4 Bxe4 0-1

[Event "NAT Grächen VS"]
[Site "?"]
[Date "2013.??.??"]
[Round "6"]
[White "Züst, Leonard"]
[Black "Lombard, André"]
[Result "1/2-1/2"]
[WhiteElo "2037"]
[BlackElo "2364"]
[PlyCount "68"]
[SourceDate "2013.07.11"]

1. d4 d5 2. Nf3 Nf6 3. Bg5 c6 4. c3 Bf5 5. Nbd2 Nbd7 6. e3 h6 7. Bh4 e6 8. Be2
Bd6 9. O-O O-O 10. Qb3 Qb8 11. c4 Ne4 12. Bg3 Bxg3 13. hxg3 Bg4 14. Bd3 f5 15.
cxd5 Bxf3 16. Nxf3 exd5 17. Qd1 Qd6 18. Qe2 Rae8 19. a3 g5 20. Rfe1 Qf6 21. Nd2
Qf7 22. Bxe4 fxe4 23. f3 exf3 24. gxf3 c5 25. dxc5 Nxc5 26. b4 Nd7 27. Kg2 Nf6
28. Qd3 Rc8 29. Rh1 Qh7 30. Qxh7+ Kxh7 31. Rac1 Kg6 32. g4 h5 33. gxh5+ Nxh5
34. Nb3 Nf6 1/2-1/2

[Event "NAT Grächen VS"]
[Site "?"]
[Date "2013.??.??"]
[Round "6"]
[White "Bluhm, Sonja"]
[Black "Känel, Hans-Jürg"]
[Result "0-1"]
[WhiteElo "2043"]
[BlackElo "2331"]
[PlyCount "86"]
[SourceDate "2013.07.11"]

1. e4 Nf6 2. e5 Nd5 3. d4 d6 4. c4 Nb6 5. exd6 cxd6 6. Nc3 g6 7. Be3 Bg7 8. Nf3
Bg4 9. h3 Bxf3 10. Qxf3 Nc6 11. Qd1 O-O 12. Be2 d5 13. c5 Nc4 14. Bxc4 dxc4 15.
d5 Nb4 16. O-O Nd3 17. Qc2 Rc8 18. Qa4 Nxb2 19. Qb4 Nd3 20. Qxc4 Nxc5 21. Bxc5
b6 22. Ne4 Bxa1 23. Rxa1 bxc5 24. Rd1 Qa5 25. d6 exd6 26. Nf6+ Kg7 27. Qf4 Qc3
28. Rxd6 Rcd8 29. Ra6 Qa1+ 30. Kh2 Qd4 31. Qg5 Rd6 32. Nh5+ Kh8 33. Ra4 Qd5 34.
Qe7 Rfd8 35. Nf4 Qf5 36. Re4 R6d7 37. Qe5+ Qxe5 38. Rxe5 Rc8 39. Re2 c4 40. Rc2
c3 41. Ne2 Rd2 42. Rxc3 Rxc3 43. Nxc3 Rc2 0-1

[Event "ST Grächen VS"]
[Site "?"]
[Date "2013.??.??"]
[Round "4"]
[White "Vucenovic, Dragomir"]
[Black "Vulevic, Vjekoslav"]
[Result "1/2-1/2"]
[WhiteElo "2271"]
[BlackElo "2340"]
[PlyCount "131"]
[SourceDate "2013.07.11"]

1. d4 Nf6 2. Nf3 e6 3. Bg5 c5 4. Nc3 cxd4 5. Nxd4 a6 6. Qd3 d5 7. e4 Be7 8.
exd5 exd5 9. Be2 Nc6 10. O-O O-O 11. Rad1 h6 12. Bh4 Ne5 13. Qe3 Ng6 14. Bg3
Re8 15. Rfe1 Bb4 16. Qc1 Bd7 17. Bd3 Rxe1+ 18. Rxe1 Rc8 19. a3 Ba5 20. Rd1 b5
21. Nce2 Bb6 22. c3 Ne4 23. Bxe4 dxe4 24. Nf5 Rc6 25. Qd2 Nf8 26. Ned4 Rf6 27.
Ne3 Qa8 28. Ne2 Bxe3 29. Qxe3 Bg4 30. h3 Bxe2 31. Qxe2 Re6 32. Rd4 Qe8 33. Qd2
Kh7 34. Rd8 Qe7 35. Ra8 e3 36. fxe3 Ng6 37. Qd8 Qxd8 38. Rxd8 Rxe3 39. Kf2 Re6
40. Rd6 Ne7 41. Rd7 Kg6 42. Rd4 Nc6 43. Rg4+ Kh7 44. Rf4 Ne5 45. Kg1 Nd3 46.
Rxf7 Nxb2 47. Rc7 Kg6 48. Bf2 Kf5 49. Rxg7 Rc6 50. Bd4 Nc4 51. Kf2 Ke4 52. h4
Nxa3 53. h5 b4 54. Rg4+ Kf5 55. Rg6 Rxg6 56. hxg6 Kxg6 57. cxb4 Kf5 58. Kg3 Nc2
59. Bg7 h5 60. Bf8 Ne3 61. Kf3 Ng4 62. Bg7 Kg6 63. Bd4 Kf5 64. Bg7 Kg6 65. Bd4
Kf5 66. Bg7 1/2-1/2

[Event "ST Grächen VS"]
[Site "?"]
[Date "2013.??.??"]
[Round "4"]
[White "Bischoff, Peter"]
[Black "Hohler, Peter"]
[Result "1/2-1/2"]
[WhiteElo "2089"]
[BlackElo "2213"]
[PlyCount "46"]
[SourceDate "2013.07.11"]

1. e4 e5 2. Nf3 Nc6 3. Nc3 Nf6 4. d4 exd4 5. Nxd4 Bb4 6. Nxc6 bxc6 7. Bd3 d5 8.
exd5 cxd5 9. O-O O-O 10. Bg5 c6 11. Ne2 Bd6 12. Ng3 h6 13. Bd2 Ng4 14. Be2 Qh4
15. Bxg4 Bxg4 16. Qc1 Be6 17. c3 Rfe8 18. Be3 a5 19. f4 Bd7 20. Qd2 Qe7 21.
Rae1 Bc5 22. Bxc5 Qxc5+ 23. Qd4 Qxd4+ 1/2-1/2

[Event "ST Grächen VS"]
[Site "?"]
[Date "2013.??.??"]
[Round "4"]
[White "Moret, Jean-Paul"]
[Black "Karl, Hans"]
[Result "0-1"]
[WhiteElo "2000"]
[BlackElo "2148"]
[PlyCount "74"]
[SourceDate "2013.07.11"]

1. d4 Nf6 2. Nf3 d6 3. g3 c6 4. Bg2 g6 5. O-O Bg7 6. c4 O-O 7. Nc3 Qc7 8. e4 e5
9. h3 Nbd7 10. Be3 Re8 11. Qc2 Nf8 12. Rfd1 Nh5 13. dxe5 dxe5 14. Bc5 Be6 15.
b3 Rad8 16. Kh2 Bc8 17. Rxd8 Rxd8 18. Rd1 b6 19. Bxf8 Kxf8 20. Rd2 Ke8 21. Qd1
Bf6 22. Bf1 Ng7 23. Rxd8+ Qxd8 24. Qxd8+ Kxd8 25. b4 Ne6 26. b5 Nd4 27. Nd2 Bg5
28. Ndb1 cxb5 29. cxb5 Be6 30. Nd5 Bxd5 31. exd5 Kd7 32. Nc3 f5 33. Bc4 Kd6 34.
h4 Bd2 35. Nb1 Be1 36. Kg2 Kc5 37. Na3 Bb4 0-1

[Event "ST Grächen VS"]
[Site "?"]
[Date "2013.??.??"]
[Round "4"]
[White "Huss, Benjamin"]
[Black "Baumann, Hanspeter"]
[Result "1-0"]
[WhiteElo "2136"]
[BlackElo "1880"]
[PlyCount "37"]
[SourceDate "2013.07.11"]

1. Nf3 Nf6 2. g3 d5 3. b3 g6 4. Bb2 Bg7 5. Bg2 O-O 6. d3 b6 7. Nbd2 Bb7 8. O-O
c5 9. c4 d4 10. b4 Ng4 11. bxc5 bxc5 12. Rb1 Qc7 13. Ba3 Na6 14. Qa4 Rab8 15.
Rxb7 Qxb7 16. Ne5 Qc8 17. Nc6 Re8 18. Nxb8 Nxb8 19. Bxc5 1-0

[Event "ST Grächen VS"]
[Site "?"]
[Date "2013.??.??"]
[Round "4"]
[White "Ernst, Heinz"]
[Black "Binder, Beat"]
[Result "1/2-1/2"]
[WhiteElo "2013"]
[BlackElo "1987"]
[PlyCount "53"]
[SourceDate "2013.07.11"]

1. d4 Nc6 2. c4 e5 3. d5 Nce7 4. e4 Ng6 5. Be3 Nf6 6. f3 Bb4+ 7. Nc3 Qe7 8. Bd3
Bc5 9. Qd2 Bxe3 10. Qxe3 Nf4 11. Bf1 a5 12. g3 Ng6 13. Bd3 O-O 14. Nge2 d6 15.
b3 Nd7 16. h4 Nc5 17. h5 Nh8 18. g4 f6 19. Ng3 Nf7 20. Nf5 Bxf5 21. exf5 h6 22.
Ne4 Nxe4 23. Bxe4 Nd8 24. Kf2 b6 25. a3 Nb7 26. b4 Qd7 27. b5 1/2-1/2

[Event "NAT Grächen VS"]
[Site "?"]
[Date "2013.??.??"]
[Round "7"]
[White "Bauer, Christian"]
[Black "Cebalo, Miso"]
[Result "1-0"]
[WhiteElo "2637"]
[BlackElo "2438"]
[PlyCount "57"]
[EventDate "2013.??.??"]
[SourceDate "2013.07.11"]

1. e4 c5 2. Nf3 g6 3. d4 cxd4 4. Qxd4 Nf6 5. e5 Nc6 6. Qa4 Nd5 7. Qe4 Ndb4 8.
Bb5 a6 9. Ba4 b5 10. Bb3 d5 11. exd6 Bf5 12. Qe2 Qxd6 13. O-O Rd8 14. Nc3 Na5
15. Rd1 Qc7 16. Rxd8+ Qxd8 17. Bg5 Bg7 18. Re1 f6 19. Rd1 Qc7 20. Be6 Bxe6 21.
Qxe6 Qc6 22. Qg4 Nxc2 23. Nd5 Kf7 24. Qf4 Qe6 25. Bxf6 h6 26. Ne5+ Kg8 27.
Nxe7+ Kh7 28. Bxg7 Kxg7 29. N7xg6 1-0

[Event "NAT Grächen VS"]
[Site "?"]
[Date "2013.??.??"]
[Round "7"]
[White "Kosteniuk, Alexandra"]
[Black "Miezis, Normunds"]
[Result "1/2-1/2"]
[WhiteElo "2521"]
[BlackElo "2548"]
[PlyCount "102"]
[EventDate "2013.??.??"]
[SourceDate "2013.07.11"]

1. e4 c5 2. Nf3 e6 3. d4 cxd4 4. Nxd4 a6 5. Nc3 Qc7 6. Bd3 Nc6 7. Nxc6 dxc6 8.
f4 e5 9. f5 h5 10. Bg5 Be7 11. Bxe7 Qxe7 12. Qd2 b5 13. O-O-O Bb7 14. Be2 Nf6
15. Qg5 Rh7 16. Bf3 Nd7 17. h4 Nf6 18. Kb1 Rd8 19. Qe3 c5 20. Rxd8+ Kxd8 21. a4
b4 22. Ne2 Kc8 23. a5 Kb8 24. Qd3 Rh8 25. Rd1 Rc8 26. Qc4 Ka7 27. Ng3 g6 28.
Nf1 gxf5 29. exf5 e4 30. Be2 Nd7 31. Bxh5 Ne5 32. Qe2 Qxh4 33. Ne3 Rd8 34. Rxd8
Qxd8 35. Nc4 Qd4 36. Nxe5 Qxe5 37. Bxf7 Qxf5 38. Bc4 Qg5 39. Qd1 Qe7 40. g4 e3
41. Be2 Bc6 42. g5 Bb5 43. g6 Bxe2 44. Qxe2 Qg5 45. Qh2 Qe7 46. Qh7 Qxh7 47.
gxh7 e2 48. h8=Q e1=Q+ 49. Ka2 b3+ 50. Kxb3 Qb4+ 51. Ka2 Qxa5+ 1/2-1/2

[Event "NAT Grächen VS"]
[Site "?"]
[Date "2013.??.??"]
[Round "7"]
[White "Klauser, Markus"]
[Black "Stojanovic, Mihajlo"]
[Result "0-1"]
[WhiteElo "2382"]
[BlackElo "2564"]
[PlyCount "96"]
[EventDate "2013.??.??"]
[SourceDate "2013.07.11"]

1. e4 e5 2. Nf3 Nc6 3. Bb5 f5 4. Bxc6 dxc6 5. Nc3 Nf6 6. Qe2 Bd6 7. d4 exd4 8.
Nxd4 fxe4 9. Nxe4 O-O 10. Nxd6 Qxd6 11. Qc4+ Qd5 12. Qxd5+ cxd5 13. b4 c6 14.
a4 a5 15. bxa5 Rxa5 16. f3 Rc5 17. Kd2 Rc4 18. c3 Bd7 19. a5 c5 20. Nc2 Ra8 21.
Re1 Ra4 22. Rxa4 Bxa4 23. Ne3 Rxa5 24. Bb2 Bc6 25. Nf5 Bd7 26. Ne3 Kf7 27. h4
h5 28. Ra1 Rxa1 29. Bxa1 Ke7 30. Bb2 Kd6 31. Bc1 b5 32. Ke2 b4 33. cxb4 cxb4
34. Bb2 Kc5 35. Kd3 Bb5+ 36. Kd2 Ne8 37. Nf5 g6 38. Ne7 Bf1 39. g3 Nd6 40. Bc1
Nc4+ 41. Kc2 d4 42. Nxg6 d3+ 43. Kd1 Be2+ 44. Ke1 Bxf3 45. Nf4 Kd4 46. Ne6+ Kc3
47. Ng5 d2+ 48. Bxd2+ Nxd2 0-1

[Event "NAT Grächen VS"]
[Site "?"]
[Date "2013.??.??"]
[Round "7"]
[White "Sokolov, Andrei"]
[Black "Lötscher, Roland"]
[Result "1-0"]
[WhiteElo "2563"]
[BlackElo "2406"]
[PlyCount "68"]
[EventDate "2013.??.??"]
[SourceDate "2013.07.11"]

1. e4 e5 2. Nf3 Nc6 3. Bb5 a6 4. Ba4 Nf6 5. O-O Be7 6. d3 b5 7. Bb3 d6 8. a4
Bd7 9. Nc3 Na5 10. Ba2 b4 11. Ne2 O-O 12. Ng3 c5 13. h3 Rb8 14. Be3 Qc8 15. Nd2
Nc6 16. Bc4 Na5 17. f4 Nxc4 18. Nxc4 exf4 19. Bxf4 Qc6 20. Bg5 Kh8 21. Nf5 Bxf5
22. Rxf5 Ng8 23. Qf3 Bxg5 24. Rxg5 Rbd8 25. Qg3 Ne7 26. Rf1 Rd7 27. b3 Ng6 28.
h4 f6 29. Rgf5 Ne7 30. R5f3 Re8 31. h5 h6 32. Ne3 Rdd8 33. Rxf6 gxf6 34. Rxf6
d5 1-0

[Event "NAT Grächen VS"]
[Site "?"]
[Date "2013.??.??"]
[Round "7"]
[White "Friedrich, Norbert"]
[Black "Raetsky, Alexander"]
[Result "1/2-1/2"]
[WhiteElo "2315"]
[BlackElo "2412"]
[PlyCount "46"]
[EventDate "2013.??.??"]
[SourceDate "2013.07.11"]

1. e4 e5 2. Nf3 Nc6 3. Nc3 Nf6 4. d4 Bb4 5. Nxe5 Qe7 6. Nxc6 Qxe4+ 7. Be2 Bxc3+
8. bxc3 Qxc6 9. O-O O-O 10. c4 d5 11. cxd5 Nxd5 12. Bd3 Nb4 13. Ba3 a5 14. c4
Nxd3 15. Qxd3 Re8 16. Rfe1 Bd7 17. d5 Qg6 18. Qxg6 hxg6 19. Bb2 f6 20. Bc3 b6
21. f3 g5 22. Rxe8+ Rxe8 23. Re1 Rxe1+ 1/2-1/2

[Event "NAT Grächen VS"]
[Site "?"]
[Date "2013.??.??"]
[Round "7"]
[White "Gerber, Richard"]
[Black "Stoeri, Laura"]
[Result "1-0"]
[WhiteElo "2449"]
[BlackElo "2186"]
[PlyCount "73"]
[EventDate "2013.??.??"]
[SourceDate "2013.07.11"]

1. d4 Nf6 2. Nf3 e6 3. Bg5 Be7 4. Nbd2 d5 5. e3 Nbd7 6. Bd3 c5 7. c3 O-O 8. O-O
h6 9. Bh4 Qc7 10. Rc1 Bd6 11. c4 b6 12. cxd5 exd5 13. e4 dxe4 14. Nxe4 Nxe4 15.
Bxe4 Bb7 16. dxc5 Bxh2+ 17. Nxh2 Bxe4 18. cxb6 Qf4 19. Be7 Bxg2 20. Qxd7 Bxf1
21. Rxf1 Rfe8 22. b7 Rab8 23. Bd6 Qg5+ 24. Bg3 Re7 25. Qc8+ Re8 26. Nf3 Qg6 27.
Rc1 Kh7 28. Qxe8 Rxe8 29. Rc8 Qb1+ 30. Kg2 Re1 31. b8=Q Rh1 32. Rh8+ Kg6 33.
Qd6+ f6 34. Nh4+ Kh5 35. Qd5+ g5 36. Qf7+ Kg4 37. f3# 1-0

[Event "NAT Grächen VS"]
[Site "?"]
[Date "2013.??.??"]
[Round "7"]
[White "Buss, Ralph"]
[Black "Wirz, Heinz"]
[Result "1-0"]
[WhiteElo "2395"]
[BlackElo "2155"]
[PlyCount "113"]
[EventDate "2013.??.??"]
[SourceDate "2013.07.11"]

1. d4 Nf6 2. c4 g6 3. Nf3 Bg7 4. g3 O-O 5. Bg2 d6 6. O-O c5 7. d5 e6 8. dxe6
fxe6 9. Nc3 Nc6 10. Bg5 d5 11. Nd2 d4 12. Nce4 Qb6 13. Nxf6+ Bxf6 14. Bxf6 Rxf6
15. Ne4 Rf8 16. Qd2 Kg7 17. h4 e5 18. h5 Bf5 19. Bf3 Bh3 20. Rfd1 Rad8 21. Kh2
Be6 22. b3 d3 23. Qe3 Nd4 24. Rxd3 Bf5 25. h6+ Kg8 26. Rf1 Qc7 27. Kg1 b6 28.
Rdd1 Bh3 29. Bg2 Bg4 30. Nc3 Be6 31. Qe4 Bf5 32. Qb7 Qxb7 33. Bxb7 Bh3 34. Rfe1
Bg4 35. f3 Be6 36. g4 Rf7 37. Be4 Rdf8 38. Kg2 Kh8 39. Rf1 Bc8 40. e3 Ne6 41.
Rd5 Nc7 42. Rdd1 Be6 43. Kg3 Ne8 44. Bd5 Bxd5 45. Rxd5 Re7 46. Ne4 Nc7 47. Rd6
Na6 48. Rfd1 Nb4 49. R1d2 Na6 50. Nf6 Ref7 51. g5 Nc7 52. Rd7 Ne6 53. Rxf7 Rxf7
54. Rd6 Re7 55. Rc6 Nf8 56. Rc8 Rf7 57. Re8 1-0

[Event "NAT Grächen VS"]
[Site "?"]
[Date "2013.??.??"]
[Round "7"]
[White "Sprenger, Raphael"]
[Black "Simon, Ralf-Axel"]
[Result "0-1"]
[WhiteElo "2086"]
[BlackElo "2203"]
[PlyCount "132"]
[EventDate "2013.??.??"]
[SourceDate "2013.07.11"]

1. e4 c5 2. Nc3 e6 3. f4 Ne7 4. Nf3 d6 5. Bc4 a6 6. a4 Nbc6 7. O-O g6 8. d3 Bg7
9. Ne2 O-O 10. c3 Na5 11. Ba2 b5 12. axb5 axb5 13. Be3 Bb7 14. Ng3 Qc7 15. f5
exf5 16. exf5 Nd5 17. Bd2 c4 18. d4 Nc6 19. Ng5 Nce7 20. fxg6 hxg6 21. Qg4 Nf6
22. Qh4 Qc6 23. Rf2 Ned5 24. N3e4 Nh5 25. g4 Ndf6 26. Raf1 Nxg4 27. Qxg4 f5 28.
Qh3 Rxa2 29. Rxf5 Rxf5 30. Rxf5 Bc8 31. Qf3 Qd7 32. Rf7 Qg4+ 33. Qxg4 Bxg4 34.
Rb7 Rxb2 35. Be1 d5 36. Nd6 b4 37. h3 bxc3 38. Bxc3 Rxb7 39. Nxb7 Bd7 40. Nc5
Bc6 41. Kf2 Bf6 42. Nge6 Kf7 43. Kf3 Bd7 44. Nxd7 Kxe6 45. Nc5+ Kf5 46. Nd7 Bg7
47. Nb6 Nf6 48. Bb2 Ke6 49. Kf4 Bh6+ 50. Kf3 Ne4 51. Na4 Bd2 52. Ke2 Bb4 53.
Bc1 Kd6 54. Nb2 Nc3+ 55. Kf3 Na2 56. Be3 Ba3 57. Nd1 c3 58. Bf4+ Ke6 59. Ne3
Nb4 60. Kg4 c2 61. Nxc2 Nxc2 62. Kg5 Kf7 63. Be5 Bc1+ 64. Kg4 Be3 65. h4 Bxd4
66. Bf4 Ne3+ 0-1

[Event "NAT Grächen VS"]
[Site "?"]
[Date "2013.??.??"]
[Round "7"]
[White "Carron, Julien"]
[Black "Schneuwly, Achim"]
[Result "1-0"]
[WhiteElo "2376"]
[BlackElo "2070"]
[PlyCount "49"]
[EventDate "2013.??.??"]
[SourceDate "2013.07.11"]

1. d4 e6 2. c4 b6 3. e4 Bb7 4. Bd3 Bb4+ 5. Bd2 Qe7 6. Nf3 Nf6 7. a3 Bxd2+ 8.
Nbxd2 d6 9. O-O e5 10. d5 O-O 11. b4 Rd8 12. a4 c6 13. a5 Nbd7 14. a6 Bc8 15.
dxc6 Nf8 16. h3 Nh5 17. Re1 Nf4 18. Bf1 g5 19. Nh2 N8g6 20. Nb1 b5 21. Nc3 bxc4
22. Bxc4 d5 23. Nxd5 Nxd5 24. Bxd5 Nf4 25. Qb3 1-0